Carpathian journal of electronic and computer engineering

Detalles Bibliográficos
Autor Corporativo: Universitatea de Nord din Baia Mare
Formato: Electrónico Revista
Lenguaje:inglés
Publicado: Baia Mare, Romania : North University of Baia, 2007-
Materias:
Acceso en línea:Full text available from Research Library: 01/01/2009 to 07/31/2017

MARC

LEADER 00000nas a2200000 a 4500
001 ssj0000858272
003 WaSeSS
005 20200512172242.0
006 m d
007 cr n
008 130314c20079999rm ar p s 0 0eng c
010 |a  2016254456 
022 |a 2343-8908  |l 1844-9689 
035 |a (WaSeSS)ssj0000858272 
040 |a WaSeSS  |b eng  |c CUD  |d OCLCO  |d HTM  |d Z5A  |d CUS  |d OCLCO  |d CUS  |d OCLCO  |d CUS  |d OCLCF  |d OCLCO  |d OCLCQ  |d CUS  |d OCLCQ  |d AU@  |d OCLCQ  |d VT2  |d WaSeSS 
042 |a pcc 
050 4 |a TK1 
210 0 |a Carpathian J. Electr. Comp. Eng.  |b (Online) 
222 0 |a Carpathian journal of electronic and computer engineering  |b (Online) 
245 0 0 |a Carpathian journal of electronic and computer engineering  |h [electronic resource]. 
246 1 |a CJECE 
260 |a Baia Mare, Romania :  |b North University of Baia,  |c 2007- 
310 |a Annual 
362 1 |a Began with: Volume 1, number 1 (2007). 
506 |a License restrictions may limit access. 
588 |a Lates issue consulted: 9 (2016) (viewed March 14, 2013). 
588 |a Description based on: 2 (2009); title from pdf title page (ProQuest, viewed March 14, 2013). 
650 0 |a Electrical engineering  |v Periodicals. 
650 0 |a Computer engineering  |v Periodicals. 
650 7 |a Computer engineering.  |2 fast  |0 (OCoLC)fst00872078 
650 7 |a Electrical engineering.  |2 fast  |0 (OCoLC)fst01728596 
655 0 |a Electronic journals. 
710 2 |a Universitatea de Nord din Baia Mare. 
776 0 8 |i Print version:  |t Carpathian journal of electronic and computer engineering  |x 1844-9689 
856 4 0 |z Full text available from Research Library: 01/01/2009 to 07/31/2017  |u https://search.proquest.com/publication/136201